Метафора и метонимия в тюремно-лагерном жаргоне; Научная инициатива иностранных студентов и аспирантов

Détails bibliographiques
Parent link:Научная инициатива иностранных студентов и аспирантов.— 2022.— [С. 146-151]
Auteur principal: Натале М. К. Мария Кьяра
Collectivité auteur: Национальный исследовательский Томский политехнический университет Школа базовой инженерной подготовки Отделение русского языка
Autres auteurs: Владимирова Т. Л. Татьяна Леонидовна (научный руководитель)
Résumé:Заглавие с экрана
Langue:russe
Publié: 2022
Collection:Актуальные проблемы гуманитарных наук
Sujets:
Accès en ligne:http://earchive.tpu.ru/handle/11683/73130
Format: Électronique Chapitre de livre
KOHA link:https://koha.lib.tpu.ru/cgi-bin/koha/opac-detail.pl?biblionumber=634763

MARC

LEADER 00000naa2a2200000 4500
001 634763
005 20240109112310.0
035 |a (RuTPU)RU\TPU\conf\36581 
035 |a RU\TPU\conf\36580 
090 |a 634763 
100 |a 20220912d2022 k y0rusy50 ca 
101 0 |a rus 
102 |a RU 
105 |a y z 101zy 
135 |a drgn ---uucaa 
181 0 |a i  
182 0 |a b 
200 1 |a Метафора и метонимия в тюремно-лагерном жаргоне  |f М. К. Натале, Т. Л. Владимирова  |g науч. рук. Т. Л. Владимирова 
203 |a Текст  |c электронный 
225 1 |a Актуальные проблемы гуманитарных наук 
300 |a Заглавие с экрана 
320 |a [Библиогр.: с. 150-151 (9 назв.)] 
463 0 |0 (RuTPU)RU\TPU\conf\36575  |t Научная инициатива иностранных студентов и аспирантов  |o сборник докладов II Международной научно-практической конференции, Томск, 26-28 апреля 2022 г.  |f Национальный исследовательский Томский политехнический университет. Школа базовой инженерной подготовки  |v [С. 146-151]  |d 2022 
610 1 |a электронный ресурс 
610 1 |a труды учёных ТПУ 
610 1 |a метафоры 
610 1 |a жаргон 
610 1 |a метонимия 
610 1 |a мышление 
700 1 |a Натале  |b М. К.  |g Мария Кьяра 
701 1 |a Владимирова  |b Т. Л.  |c филолог  |c доцент Томского политехнического университета, кандидат филологических наук  |f 1975-  |g Татьяна Леонидовна  |3 (RuTPU)RU\TPU\pers\24593  |9 10891 
702 1 |a Владимирова  |b Т. Л.  |c филолог  |c доцент Томского политехнического университета, кандидат филологических наук  |f 1975-  |g Татьяна Леонидовна  |4 727 
712 0 2 |a Национальный исследовательский Томский политехнический университет  |b Школа базовой инженерной подготовки  |b Отделение русского языка  |3 (RuTPU)RU\TPU\col\23517 
801 2 |a RU  |b 63413507  |c 20221011  |g RCR 
856 4 |u http://earchive.tpu.ru/handle/11683/73130 
942 |c BK